00440 2200169 4500001002100000008004100021035002000062245004800082100001900130260002800149300002400177020002200201084001400223082000800237650001000245990001500255INLIS000000000003276 ind  a0010-1225000097 aKenangan Manis Cinta PertamacAmanda Ferina aFerina, Amanda aJakartabGramediac2025 a248 hlmc13 x 19 cm a978-623-0315-15-2 a813 AMA k a813 aFiksi a19751/B/26